000 00411nam a2200145Ia 4500
008 220216s9999 xx 000 0 und d
100 _aYehia A A
245 0 _aStudies on mixing homogeneity of rubber blends using viscosity measurements
260 _bJournal of Elastomers and Plastics
_c1992
300 _a15-26
650 _aRubber blends
700 _aElsabbagh S H
700 _aHelaly F M
942 _cJS
999 _c69615
_d69615